বঙ্গবন্ধুর জীবনের শেষ বছরের দৈনন্দিন কর্মতালিকা ও কতিপয় দলিল / (Record no. 25918)

MARC details
000 -LEADER
fixed length control field 01167nam a22001937a 4500
003 - CONTROL NUMBER IDENTIFIER
control field BDDh-ASL
005 - DATE AND TIME OF LATEST TRANSACTION
control field 20231015030557.0
008 - FIXED-LENGTH DATA ELEMENTS--GENERAL INFORMATION
fixed length control field 210920s2000 b ||||| |||| 00| 0 b d
040 ## - CATALOGING SOURCE
Original cataloging agency BDDh-ASL
Transcribing agency BDDh-ASL
082 ## - DEWEY DECIMAL CLASSIFICATION NUMBER
Classification number 923.2
Item number BAN
245 00 - TITLE STATEMENT
Title বঙ্গবন্ধুর জীবনের শেষ বছরের দৈনন্দিন কর্মতালিকা ও কতিপয় দলিল /
246 ## - VARYING FORM OF TITLE
Title proper/short title Bangabandhur Jiboner Shesh Bochorer Doinandin Kormotalika O Kotipoy Dolil edited by Shahryar Iqbal.
260 ## - PUBLICATION, DISTRIBUTION, ETC.
Place of publication, distribution, etc. ঢাকা:
Name of publisher, distributor, etc. উত্তরবঙ্গ প্রকাশনী,
Date of publication, distribution, etc. 2000.
300 ## - PHYSICAL DESCRIPTION
Extent 256 p. :
Dimensions 22 cm.
600 10 - SUBJECT ADDED ENTRY--PERSONAL NAME
9 (RLIN) 3054
Personal name Rahman, Sheikh Mujibur ( শেখ মুজিবুর রহমান)
Titles and other words associated with a name Bangabandhu (বঙ্গবন্ধু)
Dates associated with a name 1920-1975 (১৯২০-১৯৭৫)
650 #0 - SUBJECT ADDED ENTRY--TOPICAL TERM
9 (RLIN) 4442
Topical term or geographic name entry element বঙ্গবন্ধু (Bangabandhu) শেখ মুজিবুর রহমান (Sheikh Mujibur Rahman)
General subdivision মুক্তিযুদ্ধ (Muktijuddha) Liberation War
Geographic subdivision বাংলাদেশ (Bangladesh)
700 1# - ADDED ENTRY--PERSONAL NAME
9 (RLIN) 4481
Personal name ইকবাল, শাহরিয়ার
942 ## - ADDED ENTRY ELEMENTS (KOHA)
Source of classification or shelving scheme Dewey Decimal Classification
Koha item type Books
Holdings
Withdrawn status Lost status Source of classification or shelving scheme Damaged status Not for loan Collection code Home library Current library Shelving location Date acquired Source of acquisition Total Checkouts Full call number Barcode Date last seen Copy number Price effective from Koha item type
    Dewey Decimal Classification     Non-fiction Asiatic Society Library Asiatic Society Library Bangabondhu Collection 09/20/2021 ASB Library Collection   923.2 BAN 111742 09/20/2021 C-1 09/20/2021 Books
    Dewey Decimal Classification     Non-fiction Asiatic Society Library Asiatic Society Library Sirajul Islam Collection 04/27/2022 Donated by Prof. Sirajul Islam FRHS   923.2 BAN 116651 04/27/2022 C-2 04/27/2022 Books

Powered by Koha